000 00630nam a2200229Ia 4500
003 OSt
005 20221005133518.0
006 a|||||r|||| 00| 0
007 ta
008 221004b |||||||| |||| 00| 0 eng d
024 _a54013
037 _cTextual
040 _aCRL
_cCRL
_beng
041 _2eng
_aeng
082 _aR635, K9
100 _aNathmal Muni.
_961831
245 0 _aYou are a torrent of boundless energy
_b English version of 'Tum anant shakti ke srot ho', tr by N Sahal.
260 _c1969
650 _aPHILOSOPHY
942 _hR635, K9
_cTEXL
_2cc
999 _c1067059
_d1067059